[Event "Kesan op"]
[Site "Kesan"]
[Date "2022.08.03"]
[Round "3"]
[White "Ekinci, Berkay"]
[Black "Ak, Ender"]
[Result "1-0"]
[WhiteElo "1960"]
[BlackElo "1559"]
[PlyCount "49"]
[EventDate "2022.08.02"]
[EventType "swiss"]
[EventRounds "9"]
[EventCountry "TUR"]
[SourceTitle "CBM 209 Extra"]
[Source "ChessBase"]
[SourceDate "2022.09.30"]
[SourceVersion "1"]
[SourceVersionDate "2022.09.30"]
[SourceQuality "1"]

1. d4 d5 2. c4 e6 3. Nc3 Nf6 4. Bg5 Be7 5. e3 b6 6. Bxf6 Bxf6 7. cxd5 exd5 8. Nf3 Bb7 9. Bd3 0-0 10. Qc2 h6 11. g4 c5 12. h4 cxd4 13. exd4 Re8+ 14. Kf1 g6 15. g5 hxg5 16. h5 Kg7 17. hxg6 fxg6 18. Bxg6 Rh8 19. Bh7 Nd7 20. Qg6+ Kf8 21. Re1 Rc8 22. Qh6+ Kf7 23. Ne5+ Nxe5 24. dxe5 d4 25. Qg6+ 1-0

[Event "TUR-chT Clubs"]
[Site "Konya"]
[Date "2019.07.18"]
[Round "4.19"]
[White "Ak, Ender"]
[Black "Topal, Gorkem"]
[Result "1-0"]
[WhiteElo "1429"]
[BlackElo "1140"]
[PlyCount "65"]
[EventDate "2019.07.16"]
[EventType "team-swiss"]
[EventRounds "9"]
[EventCountry "TUR"]
[SourceTitle "CBM 191 Extra"]
[Source "ChessBase"]
[SourceDate "2019.09.30"]
[SourceVersion "1"]
[SourceVersionDate "2019.09.30"]
[SourceQuality "1"]
[WhiteTeam "Duzce Siyah Beyaz"]
[BlackTeam "Kadirli Savrun"]
[WhiteTeamCountry "TUR"]
[BlackTeamCountry "TUR"]

1. e4 e5 2. Nf3 Nc6 3. d4 exd4 4. Nxd4 d6 5. Be3 Bd7 6. Be2 h6 7. Nc3 Nf6 8. Qd2 Nxd4 9. Bxd4 Be7 10. 0-0-0 a6 11. e5 dxe5 12. Bxe5 Qc8 13. Bf3 Be6 14. Nd5 Bxd5 15. Bxd5 c6 16. Bxf6 Bxf6 17. Rhe1+ Kf8 18. Bb3 Qc7 19. Qd7 Qf4+ 20. Kb1 Bg5 21. g3 Qf6 22. Qxb7 g6 23. Qxa8+ Kg7 24. Qb7 Rf8 25. f4 Bxf4 26. gxf4 h5 27. Rd7 a5 28. Rxf7+ Rxf7 29. Bxf7 Qxf7 30. Qxf7+ Kxf7 31. Re5 a4 32. Rc5 Kg7 33. Rxc6 1-0

[Event "TUR-chT Clubs"]
[Site "Konya"]
[Date "2019.07.17"]
[Round "3.18"]
[White "Karacelebi, Denizcan"]
[Black "Ak, Ender"]
[Result "1-0"]
[WhiteElo "1323"]
[BlackElo "1429"]
[PlyCount "77"]
[EventDate "2019.07.16"]
[EventType "team-swiss"]
[EventRounds "9"]
[EventCountry "TUR"]
[SourceTitle "CBM 191 Extra"]
[Source "ChessBase"]
[SourceDate "2019.09.30"]
[SourceVersion "1"]
[SourceVersionDate "2019.09.30"]
[SourceQuality "1"]
[WhiteTeam "Bornova Belediyesi Genclik"]
[BlackTeam "Duzce Siyah Beyaz"]
[WhiteTeamCountry "TUR"]
[BlackTeamCountry "TUR"]

1. e4 e6 2. d4 d5 3. Nd2 Nf6 4. e5 Nfd7 5. f4 c5 6. c3 Nc6 7. Ngf3 Qb6 8. Nb3 cxd4 9. cxd4 Bb4+ 10. Kf2 f6 11. Be3 0-0 12. Bd3 fxe5 13. fxe5 Qd8 14. Rf1 Be7 15. Kg1 Nb4 16. Bb1 Nb6 17. a3 Nc6 18. Qd3 g6 19. Nbd2 Bd7 20. Bc2 Na5 21. b3 a6 22. Rf2 Rc8 23. Nf1 Nc6 24. h3 Na7 25. a4 Nc6 26. Bd2 Nb4 27. Bxb4 Bxb4 28. N1h2 Rc3 29. Qe2 Qc7 30. Ng4 Be7 31. Raf1 Rc8 32. Ne1 Bh4 33. Nf6+ Kh8 34. Nxh7 Bxf2+ 35. Qxf2 Rxc2 36. Qf6+ Kxh7 37. Qf7+ Kh6 38. Rf4 Kh5 39. Qh7+ 1-0

[Event "TUR-chT Clubs"]
[Site "Konya"]
[Date "2019.07.17"]
[Round "2.12"]
[White "Unlu, Ahmet Berkin"]
[Black "Ak, Ender"]
[Result "1/2-1/2"]
[WhiteElo "1806"]
[BlackElo "1429"]
[PlyCount "128"]
[EventDate "2019.07.16"]
[EventType "team-swiss"]
[EventRounds "9"]
[EventCountry "TUR"]
[SourceTitle "CBM 191 Extra"]
[Source "ChessBase"]
[SourceDate "2019.09.30"]
[SourceVersion "1"]
[SourceVersionDate "2019.09.30"]
[SourceQuality "1"]
[WhiteTeam "Manisa Yunusembre"]
[BlackTeam "Duzce Siyah Beyaz"]
[WhiteTeamCountry "TUR"]
[BlackTeamCountry "TUR"]

1. e4 e6 2. d4 d5 3. exd5 exd5 4. Nf3 Bd6 5. Bd3 Nf6 6. 0-0 0-0 7. Re1 Bg4 8. Bg5 h6 9. Bh4 Nbd7 10. Nc3 c6 11. h3 Bxf3 12. Qxf3 Qc7 13. Nd1 Rfe8 14. Ne3 Bf4 15. Nf5 g6 16. Bg3 Bxg3 17. Qxg3 Qxg3 18. Nxg3 Rxe1+ 19. Rxe1 Re8 20. Kf1 Rxe1+ 21. Kxe1 Kf8 22. Kd2 Ke7 23. Nf1 Nf8 24. c3 Ne6 25. g3 Ne8 26. Nh2 h5 27. Nf3 Nd6 28. Ne5 Ng5 29. h4 Nge4+ 30. Ke3 Nf6 31. f3 Nde8 32. b3 Nd7 33. Nxd7 Kxd7 34. c4 a6 35. Kf4 Ke7 36. c5 Ng7 37. b4 Ne6+ 38. Ke3 Nc7 39. a4 f5 40. Be2 Kf6 41. Kd2 Ne6 42. Ke3 Nc7 43. Bf1 Ke7 44. Bd3 Kf6 45. Be2 Ke7 46. g4 Kf6 47. gxh5 gxh5 48. Bd3 Ne6 49. Bf1 Nc7 50. Kd2 Ne6 51. Kc3 Nf4 52. b5 axb5 53. axb5 Ke6 54. b6 Kd7 55. Kd2 Ne6 56. Ke3 f4+ 57. Kd3 Ke7 58. Kc3 Kd8 59. Bd3 Ng7 60. Bg6 Kd7 61. Kd3 Ke7 62. Bh7 Kf6 63. Kc3 Nf5 64. Bxf5 Kxf5 1/2-1/2

[Event "TUR-chT2"]
[Site "Konya"]
[Date "2017.07.11"]
[Round "4.10"]
[White "Ak, Ender"]
[Black "Ancar, Furkan"]
[Result "0-1"]
[WhiteElo "1418"]
[BlackElo "1755"]
[PlyCount "131"]
[EventDate "2017.07.09"]
[EventType "team-swiss"]
[EventRounds "9"]
[EventCountry "TUR"]
[SourceTitle "CBM 179 Extra"]
[Source "ChessBase"]
[SourceDate "2017.08.23"]
[SourceVersion "1"]
[SourceVersionDate "2017.08.23"]
[SourceQuality "1"]
[WhiteTeam "Duzcespor"]
[BlackTeam "Mezopotamya"]
[WhiteTeamCountry "TUR"]
[BlackTeamCountry "TUR"]

1. e4 c6 2. d4 d5 3. e5 Bf5 4. Bd3 Bxd3 5. Qxd3 e6 6. Nf3 c5 7. c3 Nc6 8. Be3 cxd4 9. cxd4 Bb4+ 10. Bd2 Nge7 11. Nc3 Nf5 12. a3 Bxc3 13. Bxc3 0-0 14. 0-0 Qe7 15. Rfe1 Rfc8 16. Rac1 a5 17. Bd2 h6 18. h3 Nh4 19. Nxh4 Qxh4 20. Be3 Qd8 21. Rc2 Qb6 22. Rec1 a4 23. Bd2 Qa6 24. Qxa6 Rxa6 25. Bc3 f6 26. f4 fxe5 27. fxe5 Rf8 28. Rf2 Raa8 29. Rcf1 Rxf2 30. Rxf2 Rc8 31. Rf3 Rf8 32. Rxf8+ Kxf8 33. Kf2 Kf7 34. Kf3 Kg6 35. g3 Ne7 36. Bd2 Nc8 37. Kf4 Nb6 38. g4 Nc4 39. Bc3 h5 40. g5 b6 41. h4 b5 42. Kg3 Kf5 43. g6 Ne3 44. Kf3 Nd1 45. Bb4 Nxb2 46. Be7 Kxg6 47. Kf4 Nd3+ 48. Ke3 Nc1 49. Kf4 Nb3 50. Bc5 Na1 51. Ke3 Kf5 52. Kd3 g5 53. hxg5 h4 54. Ke3 Kxg5 55. Be7+ Kg4 56. Bxh4 Kxh4 57. Kd2 Nb3+ 58. Kc3 Kg4 59. Kb4 Nxd4 60. Kc5 Nc2 61. Kxb5 Nxa3+ 62. Kxa4 Kf5 63. Kxa3 Kxe5 64. Kb2 Kd4 65. Kc2 Kc4 66. Kd2 0-1

[Event "TUR-chT2"]
[Site "Konya"]
[Date "2017.07.10"]
[Round "3.18"]
[White "Adas, Anil"]
[Black "Ak, Ender"]
[Result "1-0"]
[WhiteElo "1583"]
[BlackElo "1418"]
[PlyCount "53"]
[EventDate "2017.07.09"]
[EventType "team-swiss"]
[EventRounds "9"]
[EventCountry "TUR"]
[SourceTitle "CBM 179 Extra"]
[Source "ChessBase"]
[SourceDate "2017.08.23"]
[SourceVersion "1"]
[SourceVersionDate "2017.08.23"]
[SourceQuality "1"]
[WhiteTeam "Ozel Biltepe Osmaniye"]
[BlackTeam "Duzcespor"]
[WhiteTeamCountry "TUR"]
[BlackTeamCountry "TUR"]

1. d4 d5 2. Nf3 Nf6 3. c4 e6 4. Nc3 Be7 5. e3 0-0 6. a3 c6 7. Bd3 Nbd7 8. Qc2 h6 9. Bd2 Re8 10. e4 dxe4 11. Nxe4 Nxe4 12. Bxe4 Nf6 13. 0-0-0 Nxe4 14. Qxe4 Bf6 15. h4 h5 16. Bg5 g6 17. Qf4 Bxg5 18. hxg5 Kg7 19. g4 hxg4 20. Ne5 Rf8 21. Nxg4 Rg8 22. Qf6+ Qxf6 23. gxf6+ Kf8 24. Ne5 Ke8 25. Rh7 Rf8 26. Rdh1 Kd8 27. Rh8 1-0